[Event "Rilton Cup 51st"]
[Site "Stockholm"]
[Date "2023.12.28"]
[Round "2"]
[White "Farokhi, Keyvan"]
[Black "Vignesh, B."]
[Result "0-1"]
[WhiteElo "2298"]
[BlackElo "2179"]
[PlyCount "94"]
[EventDate "2023.12.27"]
[EventType "swiss"]
[EventRounds "9"]
[EventCountry "SWE"]
[SourceTitle "CBM 218 Extra"]
[Source "ChessBase"]
[SourceDate "2024.03.31"]
[SourceVersion "1"]
[SourceVersionDate "2024.03.31"]
[SourceQuality "1"]

1. e4 e5 2. Nf3 Nc6 3. Bb5 f5 4. d3 fxe4 5. dxe4 Nf6 6. 0-0 Bc5 7. Bxc6 bxc6 8. Nxe5 0-0 9. Nd3 Nxe4 10. Nxc5 Nxc5 11. Be3 Ne4 12. Nd2 Nf6 13. Re1 Nd5 14. Nf3 Qf6 15. Qd4 d6 16. Qxf6 Nxf6 17. Bd4 Bf5 18. Re7 c5 19. Bxf6 Rxf6 20. Rae1 Bxc2 21. Rxc7 Rf7 22. Rc6 Rb7 23. b3 Rd8 24. Nd2 Bd3 25. Ne4 Re7 26. Nf6+ Kf7 27. Rxe7+ Kxe7 28. Ng4 Kd7 29. Ne5+ dxe5 30. Rxc5 Kd6 31. Ra5 a6 32. h4 Rc8 33. Kh2 Rc2 34. Kg3 h5 35. Kf3 g6 36. b4 Bf1 37. Kg3 Ke6 38. a4 Rb2 39. b5 axb5 40. axb5 Bxb5 41. Ra3 Rb4 42. f3 Rb2 43. Ra1 Bd3 44. Re1 Kf5 45. Kh3 Kf4 46. Kh2 e4 47. Rd1 Be2 0-1

[Event "GER-chT Lands U20"]
[Site "Hannover"]
[Date "2023.10.01"]
[Round "2"]
[White "Besou, Hussain"]
[Black "Farokhi, Keyvan"]
[Result "1/2-1/2"]
[WhiteElo "2364"]
[BlackElo "2265"]
[PlyCount "71"]
[EventDate "2023.10.01"]
[EventType "team-swiss"]
[EventRounds "7"]
[EventCountry "GER"]
[SourceTitle "CBM 216 Extra"]
[Source "ChessBase"]
[SourceDate "2023.11.30"]
[SourceVersion "1"]
[SourceVersionDate "2023.11.30"]
[SourceQuality "1"]

1. d4 Nf6 2. c4 e6 3. Nc3 Bb4 4. e3 b6 5. Nf3 Bb7 6. Bd2 Bxc3 7. Bxc3 Ne4 8. Qc2 d6 9. Bd3 Nxc3 10. Qxc3 Nd7 11. 0-0-0 Qf6 12. Qc2 0-0-0 13. Kb1 Kb8 14. h4 e5 15. Be4 Bxe4 16. Qxe4 Qg6 17. Qxg6 hxg6 18. Ng5 Rdf8 19. Kc2 f6 20. Ne4 Kc8 21. d5 Nc5 22. Ng3 f5 23. Ne2 Rh5 24. Rh2 Ne4 25. f3 Nf6 26. Rdh1 Rfh8 27. Rh3 Kd7 28. Ng3 R5h7 29. e4 fxe4 30. Nxe4 Nxe4 31. fxe4 Rf8 32. Rg3 Rf6 33. Rg4 Ke7 34. Rh3 Rf2+ 35. Kc3 Kf7 36. Rhg3 1/2-1/2